<?xml version="1.0" encoding="UTF-8"?>
<collection xmlns="http://www.loc.gov/MARC21/slim">
<record>
  <controlfield tag="001">163343</controlfield>
  <controlfield tag="005">20251028143403.0</controlfield>
  <datafield tag="024" ind1="8" ind2=" ">
    <subfield code="2">innovaciondocente</subfield>
    <subfield code="a">5346</subfield>
  </datafield>
  <datafield tag="037" ind1=" " ind2=" ">
    <subfield code="a">INNODOC-2024-5346</subfield>
  </datafield>
  <datafield tag="041" ind1=" " ind2=" ">
    <subfield code="a">spa</subfield>
  </datafield>
  <datafield tag="100" ind1=" " ind2=" ">
    <subfield code="0">(orcid)0000-0002-4756-4853</subfield>
    <subfield code="a">Gil Albarova, Amaya María</subfield>
    <subfield code="e">coord.</subfield>
  </datafield>
  <datafield tag="245" ind1=" " ind2=" ">
    <subfield code="a">Inteligencia artificial aplicada al desarrollo de la creatividad y del pensamiento crítico en la enseñanza universitaria de la sociología y del liderazgo</subfield>
  </datafield>
  <datafield tag="260" ind1=" " ind2=" ">
    <subfield code="a">Zaragoza</subfield>
    <subfield code="b">Universidad de Zaragoza</subfield>
    <subfield code="c">2024</subfield>
  </datafield>
  <datafield tag="520" ind1="3" ind2=" ">
    <subfield code="a">Este proyecto pretende avanzar hacia nuevos modelos de enseñanza y aprendizaje utilizando deliberadamente la inteligencia artificial aplicada en asignaturas del ámbito de la sociología y de liderazgo para desarrollar las competencias transversales de Innovación y Creatividad (UZ4) y Pensamiento crítico (UZ2) en los estudiantes universitarios. El manejo de herramientas de Inteligencia artificial se utilizará para la resolución de problemas de modo que los alumnos deban aplicar necesariamente sus habilidades de pensamiento. Para ello, el equipo de trabajo diseña modelos de actividades de aprendizaje y pruebas de evaluación continua (PEC) para probarlos en el aula. Posteriormente se publicarían mediante licencias abiertas para que otros docentes puedan adaptarlos en sus asignaturas.</subfield>
  </datafield>
  <datafield tag="700" ind1=" " ind2=" ">
    <subfield code="0">(orcid)0000-0002-7901-6931</subfield>
    <subfield code="a">Albesa Cartagena, Agustin</subfield>
  </datafield>
  <datafield tag="700" ind1=" " ind2=" ">
    <subfield code="0">(orcid)0000-0002-3887-6062</subfield>
    <subfield code="a">Gracia Bernal, Amparo</subfield>
  </datafield>
  <datafield tag="700" ind1=" " ind2=" ">
    <subfield code="0">(orcid)0000-0002-4143-6973</subfield>
    <subfield code="a">Garcia-Guiu López, Carlos</subfield>
  </datafield>
  <datafield tag="700" ind1=" " ind2=" ">
    <subfield code="0">(orcid)0000-0001-9729-7688</subfield>
    <subfield code="a">Pac Salas, David</subfield>
  </datafield>
  <datafield tag="700" ind1=" " ind2=" ">
    <subfield code="0">(orcid)0000-0003-0897-9519</subfield>
    <subfield code="a">Gastón Faci, Diego Félix</subfield>
  </datafield>
  <datafield tag="700" ind1=" " ind2=" ">
    <subfield code="a">Allo Flores, Félix</subfield>
  </datafield>
  <datafield tag="700" ind1=" " ind2=" ">
    <subfield code="0">(orcid)0000-0001-8133-0658</subfield>
    <subfield code="a">Trujillo Pacheco, Francisco José</subfield>
  </datafield>
  <datafield tag="700" ind1=" " ind2=" ">
    <subfield code="0">(orcid)0000-0002-8702-0156</subfield>
    <subfield code="a">Minguijón Pablo, Jaime</subfield>
  </datafield>
  <datafield tag="700" ind1=" " ind2=" ">
    <subfield code="0">(orcid)0000-0003-4174-2855</subfield>
    <subfield code="a">Moral Martín, José David</subfield>
  </datafield>
  <datafield tag="700" ind1=" " ind2=" ">
    <subfield code="a">Pavón Coto, Juan Jesús</subfield>
  </datafield>
  <datafield tag="700" ind1=" " ind2=" ">
    <subfield code="0">(orcid)0000-0001-5756-2029</subfield>
    <subfield code="a">Jiménez Martínez, Lorien</subfield>
  </datafield>
  <datafield tag="700" ind1=" " ind2=" ">
    <subfield code="a">Sorbed Valero, Luis</subfield>
  </datafield>
  <datafield tag="700" ind1=" " ind2=" ">
    <subfield code="0">(orcid)0000-0002-2080-057X</subfield>
    <subfield code="a">Cano Escoriaza, María Asunción</subfield>
  </datafield>
  <datafield tag="700" ind1=" " ind2=" ">
    <subfield code="0">(orcid)0000-0002-2608-6768</subfield>
    <subfield code="a">Lozano Dicha, Narciso Manuel</subfield>
  </datafield>
  <datafield tag="700" ind1=" " ind2=" ">
    <subfield code="a">Vadillo Bengoa, Nerea</subfield>
  </datafield>
  <datafield tag="700" ind1=" " ind2=" ">
    <subfield code="0">(orcid)0000-0001-6061-8556</subfield>
    <subfield code="a">Sanz de Miguel, Pablo</subfield>
  </datafield>
  <datafield tag="856" ind1="4" ind2=" ">
    <subfield code="s">228304</subfield>
    <subfield code="u">http://zaguan.unizar.es/record/163343/files/memoria_PICT_2024_5346.pdf</subfield>
    <subfield code="y">Memoria del proyecto</subfield>
  </datafield>
  <datafield tag="970" ind1=" " ind2=" ">
    <subfield code="a">INNODOC-2024-5346</subfield>
  </datafield>
  <datafield tag="980" ind1=" " ind2=" ">
    <subfield code="a">INNODOC</subfield>
    <subfield code="b">PICT</subfield>
  </datafield>
</record>
</collection>